00406nam a2200181Ia 4500008004100000020001800041050001600059100001800075245001600093245002100109260001500130260001600145260000900161300001600170300002000186300001000206500000800216170918s9999 xx 000 0 und d a9780439498364 bW961so 2001 aWulffson, Don aSoldier X / cby Don Wulffson. aNew York : bScholastic, c2001 a226 pages : billustrations ; c19cm. a740